| 000 | 00704nam a2200217 4500 | ||
|---|---|---|---|
| 001 | 36884 | ||
| 003 | BD-RjUL | ||
| 005 | 20211209052544.0 | ||
| 008 | 140922r20052004ii a|||| |||| 00| 0 eng d | ||
| 035 | _a(BD-RjUL)36986 | ||
| 040 |
_aBD-RjUL _beng _cBD-RjUL |
||
| 041 | _aeng | ||
| 082 |
_220 _a 581.6340954 _bPUM 2005 |
||
| 100 |
_aPurohit, S. S. _9112570 |
||
| 245 | 1 | 0 |
_aMedicinal plant cultivation : _b a scientific approach : including processing and financial guidelines / _cS.S. Purohit, S.P. Vyas. |
| 260 |
_aJodhpur : _bAgrobios (India), _c2005 |
||
| 300 |
_axxii, 624 p. : _bill. ; _c25 cm. |
||
| 650 |
_aMedicinal plants _zIndia. _9112571 |
||
| 700 |
_aVyas, S. P. _9112572 |
||
| 942 |
_2ddc _cBK |
||
| 999 |
_c36884 _d36884 |
||